书目信息 |
| 题名: |
灌区量水手册
|
|
| 作者: | ;宁夏回族自治区水利电力局水利科学研究所 编 | |
| 分册: | ||
| 出版信息: | 银川 宁夏人民出版社 1974.01 |
|
| 页数: | 308页 | |
| 开本: | 19cm | |
| 丛书名: | ||
| 单 册: | ||
| 中图分类: | TV212.5-62 | |
| 科图分类: | ||
| 主题词: | 水资源--水利调查 , 水利规划 | |
| 电子资源: | ||
| ISBN: | ||
| 000 | 00795nam0 2200217 450 | |
| 001 | 0852419575 | |
| 005 | 20081119144350.61 | |
| 010 | @dCNY1.50 | |
| 091 | @a16157.39 | |
| 100 | @a20081119d1974 km y0chiy0120 ea | |
| 101 | 0 | @achi |
| 102 | @aCN@b630000 | |
| 200 | 1 | @a灌区量水手册@Aguan qu liang shui shou ce@f宁夏回族自治区水利电力局水利科学研究所编@Fning xia hui zu zi zhi qu shui li dian li ju shui li ke xue yan jiu suo bian |
| 210 | @a银川@c宁夏人民出版社@d1974.01 | |
| 215 | @a308页@d19cm | |
| 606 | 0 | @a水资源@x水利调查 |
| 606 | 0 | @a水利规划 |
| 690 | @aTV212.5-62@v4 | |
| 711 | 02 | @a宁夏回族自治区水利电力局水利科学研究所@Aning xia hui zu zi zhi qu shui li dian li ju shui li ke xue yan jiu suo@4编 |
| 801 | 0 | @aCN@b大连网信软件有限公司图书馆·11@c20081119 |
| 905 | @aBZT@dTV212.5-62@e1 | |
| 灌区量水手册/宁夏回族自治区水利电力局水利科学研究所编.-银川:宁夏人民出版社,1974.01 |
| 308页;19cm |
| ISBN :CNY1.50 |
| ● |
| 相关链接 |
|
|
|
正题名:灌区量水手册
索取号:TV212.5-62/1
 
预约/预借
| 序号 | 登录号 | 条形码 | 馆藏地/架位号 | 状态 | 备注 |
| 1 | 042277 | 201212026 | 中心书库中库/ 中库022架B面7列5层20/ [索取号:TV212.5-62/1] | 在馆 |